| 000 | 00652nam a22002057a 4500 | ||
|---|---|---|---|
| 005 | 20210325180619.0 | ||
| 008 | s2543 th tha d | ||
| 020 | _a9747451549 | ||
| 041 | _atha | ||
| 050 | _aHF5625 ส786ท 2543 | ||
| 100 | 0 | _aสุธีรา วิเศษกุล | |
| 245 | 1 | 0 | _aทฤษฎีบัญชี |
| 260 | 3 |
_aกรุงเทพฯ : _bฟิสิกส์เซ็นเตอร์, _c2543 |
|
| 300 |
_a406 หน้า : _b ตาราง ; _c 26 ซม. |
||
| 650 | 0 | 4 | _aการบัญชี |
| 850 | _aNALT | ||
| 942 | _cGB | ||
| 997 | _c000000000009746 | ||
| 998 | _aSAIPHON DEENGAM | ||
| 999 |
_c9746 _d9746 |
||